Normal view
MARC view
- Electronic circuits
Entry Topical Term
001 - CONTROL NUMBER
- control field: 103831
003 - CONTROL NUMBER IDENTIFIER
- control field: NUST
005 - DATE AND TIME OF LATEST TRANSACTION
- control field: 20221130153717.0
008 - FIXED-LENGTH DATA ELEMENTS
- fixed length control field: 221130|| aca||aabn | a|a d
040 ## - CATALOGING SOURCE
- Original cataloging agency: NUST
- Transcribing agency: NUST
150 ## - HEADING--TOPICAL TERM
- Topical term or geographic name entry element: Electronic circuits
- General subdivision: Handbooks, manuals, etc
670 ## - SOURCE DATA FOUND
- Source citation: Work cat.: (NUST)182158: Tooley, Michael H. 103830, Electronic circuits handbook :, 1993.
